[Event "Blitz 2018"]
[Site "Saint-Petersburg"]
[Date "2018.12.29"]
[Round "8"]
[Board "52"]
[White "Shaposhnikov Evgeny (RUS)"]
[Black "Zablotsky Sergei (RUS)"]
[Result "1/2-1/2"]
[LiveChessVersion "1.4.8"]
[BlackElo "2459"]
[WhiteElo "2603"]

1. e4 {[%clk 0:03:02]} d6 {[%clk 0:03:03]} 2. d4 {[%clk 0:03:03]} Nf6
{[%clk 0:03:04]} 3. Nc3 {[%clk 0:03:04]} g6 {[%clk 0:03:05]} 4. g3
{[%clk 0:03:03]} Bg7 {[%clk 0:03:02]} 5. Bg2 {[%clk 0:03:04]} O-O
{[%clk 0:03:01]} 6. Nge2 {[%clk 0:03:05]} e5 {[%clk 0:02:58]} 7. O-O
{[%clk 0:03:05]} Nc6 {[%clk 0:02:52]} 8. dxe5 {[%clk 0:03:04]} dxe5
{[%clk 0:02:52]} 9. Bg5 {[%clk 0:03:02]} Qe8 {[%clk 0:02:41]} 10. Nb5
{[%clk 0:02:36]} Qe7 {[%clk 0:02:35]} 11. Nec3 {[%clk 0:02:34]} Be6
{[%clk 0:02:16]} 12. Nd5 {[%clk 0:02:26]} Bxd5 {[%clk 0:02:15]} 13. exd5
{[%clk 0:02:27]} Rad8 {[%clk 0:01:44]} 14. Qf3 {[%clk 0:02:01]} Nd4
{[%clk 0:01:35]} 15. Nxd4 {[%clk 0:01:58]} exd4 {[%clk 0:01:36]} 16. Rfe1
{[%clk 0:01:46]} Qd6 {[%clk 0:01:37]} 17. Qb3 {[%clk 0:01:38]} b6
{[%clk 0:00:46]} 18. Rad1 {[%clk 0:01:22]} h6 {[%clk 0:00:42]} 19. Bf4
{[%clk 0:01:07]} Qc5 {[%clk 0:00:43]} 20. c4 {[%clk 0:01:00]} dxc3
{[%clk 0:00:19]} 21. Qxc3 {[%clk 0:01:00]} Qxc3 {[%clk 0:00:16]} 22. bxc3
{[%clk 0:01:01]} Rd7 {[%clk 0:00:14]} 23. c4 {[%clk 0:01:02]} g5 {[%clk 0:00:13]}
24. Be5 {[%clk 0:00:55]} Re8 {[%clk 0:00:11]} 25. Bc3 {[%clk 0:00:44]} Rde7
{[%clk 0:00:11]} 26. Rxe7 {[%clk 0:00:42]} Rxe7 {[%clk 0:00:13]} 27. Re1
{[%clk 0:00:23]} Rxe1+ {[%clk 0:00:11]} 28. Bxe1 {[%clk 0:00:24]} Ne8
{[%clk 0:00:12]} 29. Be4 {[%clk 0:00:23]} Nd6 {[%clk 0:00:13]} 30. Bd3
{[%clk 0:00:24]} Bd4 {[%clk 0:00:13]} 31. Kg2 {[%clk 0:00:24]} Kg7
{[%clk 0:00:14]} 32. Bd2 {[%clk 0:00:25]} f5 {[%clk 0:00:14]} 33. h4
{[%clk 0:00:23]} Kf6 {[%clk 0:00:16]} 34. h5 {[%clk 0:00:23]} a5 {[%clk 0:00:17]}
35. f3 {[%clk 0:00:21]} Nb7 {[%clk 0:00:16]} 36. g4 {[%clk 0:00:18]} f4
{[%clk 0:00:15]} 37. Kf1 {[%clk 0:00:18]} Nc5 {[%clk 0:00:16]} 38. Bc2
{[%clk 0:00:18]} Nd7 {[%clk 0:00:17]} 39. Ke2 {[%clk 0:00:19]} Ne5
{[%clk 0:00:18]} 40. Bb3 {[%clk 0:00:19]} Ke7 {[%clk 0:00:19]} 41. Bc1
{[%clk 0:00:18]} Kd6 {[%clk 0:00:20]} 42. Ba3+ {[%clk 0:00:19]} Bc5
{[%clk 0:00:21]} 43. Bb2 {[%clk 0:00:20]} Be3 {[%clk 0:00:20]} 44. Ba3+
{[%clk 0:00:19]} Bc5 {[%clk 0:00:21]} 45. Bb2 {[%clk 0:00:20]} Be3
{[%clk 0:00:22]} 46. Ba3+ {[%clk 0:00:21]} 1/2-1/2

[Event "Blitz 2018"]
[Site "Saint-Petersburg"]
[Date "2018.12.29"]
[Round "8"]
[Board "53"]
[White "Tomashevsky Evgeny (RUS)"]
[Black "Bazeev German (RUS)"]
[Result "0-1"]
[LiveChessVersion "1.4.8"]
[BlackElo "2422"]
[WhiteElo "2602"]

1. c4 {[%clk 0:03:03]} e6 {[%clk 0:03:04]} 2. Nc3 {[%clk 0:03:03]} d5
{[%clk 0:03:04]} 3. d4 {[%clk 0:03:02]} Be7 {[%clk 0:02:58]} 4. cxd5
{[%clk 0:03:01]} exd5 {[%clk 0:02:58]} 5. Bf4 {[%clk 0:03:02]} c6
{[%clk 0:03:00]} 6. e3 Bd6 7. Bxd6 {[%clk 0:02:55]} Qxd6 {[%clk 0:03:03]} 8. Bd3
{[%clk 0:02:55]} Ne7 {[%clk 0:03:03]} 9. Qc2 {[%clk 0:02:56]} h6 {[%clk 0:03:04]}
10. Nf3 {[%clk 0:02:53]} Bg4 {[%clk 0:03:02]} 11. Ne5 {[%clk 0:02:41]} Be6
{[%clk 0:03:03]} 12. O-O-O {[%clk 0:02:29]} Nd7 {[%clk 0:02:43]} 13. f4
{[%clk 0:02:14]} f5 {[%clk 0:02:35]} 14. Kb1 {[%clk 0:01:55]} Nxe5
{[%clk 0:02:33]} 15. fxe5 {[%clk 0:01:52]} Qd7 {[%clk 0:02:31]} 16. h4
{[%clk 0:01:52]} g6 {[%clk 0:02:13]} 17. Ne2 {[%clk 0:01:47]} O-O-O
{[%clk 0:02:14]} 18. Nf4 {[%clk 0:01:35]} Rdf8 {[%clk 0:02:10]} 19. Rc1
{[%clk 0:01:33]} Kb8 {[%clk 0:02:01]} 20. Qc5 {[%clk 0:01:31]} g5
{[%clk 0:01:47]} 21. Nh5 {[%clk 0:01:17]} Nc8 {[%clk 0:01:39]} 22. Nf6
{[%clk 0:01:11]} Qe7 {[%clk 0:01:40]} 23. b4 {[%clk 0:00:46]} a6 {[%clk 0:00:39]}
24. g3 {[%clk 0:00:45]} Qxc5 {[%clk 0:00:35]} 25. bxc5 {[%clk 0:00:46]} Ne7
{[%clk 0:00:36]} 26. Rcf1 {[%clk 0:00:39]} Kc7 {[%clk 0:00:38]} 27. Rf2
{[%clk 0:00:40]} g4 {[%clk 0:00:31]} 28. Nh5 {[%clk 0:00:38]} Rhg8
{[%clk 0:00:28]} 29. Nf4 {[%clk 0:00:30]} Kd7 {[%clk 0:00:28]} 30. Rb2
{[%clk 0:00:31]} Rb8 {[%clk 0:00:30]} 31. Kc2 {[%clk 0:00:29]} Bf7
{[%clk 0:00:26]} 32. e6+ {[%clk 0:00:20]} Bxe6 {[%clk 0:00:27]} 33. Rhb1
{[%clk 0:00:21]} b5 {[%clk 0:00:20]} 34. cxb6 {[%clk 0:00:22]} a5
{[%clk 0:00:18]} 35. Rb3 {[%clk 0:00:20]} Ra8 {[%clk 0:00:15]} 36. b7 Rab8 37.
Ra3 {[%clk 0:00:21]} Ng6 {[%clk 0:00:14]} 38. Rxa5 {[%clk 0:00:14]} Nxf4
{[%clk 0:00:15]} 39. exf4 {[%clk 0:00:17]} Kc7 {[%clk 0:00:17]} 40. Ba6
{[%clk 0:00:16]} Bd7 {[%clk 0:00:17]} 41. Re1 {[%clk 0:00:13]} Rge8 0-1

[Event "Blitz 2018"]
[Site "Saint-Petersburg"]
[Date "2018.12.29"]
[Round "8"]
[Board "54"]
[White "Yilmaz Mustafa (TUR)"]
[Black "Lintchevski Daniil (RUS)"]
[Result "1-0"]
[LiveChessVersion "1.4.8"]
[BlackElo "2594"]
[WhiteElo "2515"]

1. d4 {[%clk 0:03:02]} d5 {[%clk 0:03:03]} 2. c4 {[%clk 0:03:04]} dxc4
{[%clk 0:03:05]} 3. Nf3 {[%clk 0:03:03]} a6 {[%clk 0:03:05]} 4. e3
{[%clk 0:02:58]} Nf6 {[%clk 0:03:05]} 5. Bxc4 {[%clk 0:02:58]} e6
{[%clk 0:03:06]} 6. O-O {[%clk 0:02:53]} c5 {[%clk 0:03:07]} 7. b3
{[%clk 0:02:47]} cxd4 {[%clk 0:02:57]} 8. Nxd4 {[%clk 0:02:45]} Bd7
{[%clk 0:02:58]} 9. Bb2 {[%clk 0:02:45]} Nc6 {[%clk 0:02:59]} 10. Nd2
{[%clk 0:02:15]} Nxd4 {[%clk 0:02:44]} 11. Bxd4 {[%clk 0:02:16]} Be7
{[%clk 0:02:45]} 12. Be2 {[%clk 0:02:16]} O-O {[%clk 0:02:17]} 13. Bf3
{[%clk 0:02:16]} Bb5 {[%clk 0:02:18]} 14. Re1 {[%clk 0:02:06]} Nd5
{[%clk 0:02:18]} 15. a4 {[%clk 0:01:51]} Bc6 {[%clk 0:02:18]} 16. Nc4
{[%clk 0:01:53]} Bb4 {[%clk 0:02:19]} 17. Rf1 {[%clk 0:01:52]} f6
{[%clk 0:02:05]} 18. Qe2 {[%clk 0:01:10]} Qe7 {[%clk 0:01:57]} 19. Rfd1
{[%clk 0:01:04]} Rad8 {[%clk 0:01:56]} 20. Nb6 {[%clk 0:00:55]} Nc3
{[%clk 0:01:35]} 21. Bxc3 {[%clk 0:00:53]} Bxc3 {[%clk 0:01:34]} 22. Rac1
{[%clk 0:00:46]} Rxd1+ {[%clk 0:01:16]} 23. Rxd1 {[%clk 0:00:22]} Qb4
{[%clk 0:01:04]} 24. Bxc6 {[%clk 0:00:08]} Qxb6 {[%clk 0:00:46]} 25. Bd7
{[%clk 0:00:09]} Qxb3 {[%clk 0:00:22]} 26. Qd3 {[%clk 0:00:10]} Qb4
{[%clk 0:00:13]} 27. Rc1 {[%clk 0:00:07]} Be5 {[%clk 0:00:12]} 28. Bxe6+ Kh8 29.
f4 {[%clk 0:00:07]} Bb8 {[%clk 0:00:14]} 30. Rc4 {[%clk 0:00:06]} Qe7
{[%clk 0:00:10]} 31. Bf5 {[%clk 0:00:04]} g6 {[%clk 0:00:09]} 32. Be4
{[%clk 0:00:04]} Ba7 {[%clk 0:00:10]} 33. Kf2 Re8 {[%clk 0:00:13]} 34. Kf3
{[%clk 0:00:05]} f5 35. Qc3+ {[%clk 0:00:06]} Qg7 {[%clk 0:00:12]} 36. Bxb7
{[%clk 0:00:06]} a5 {[%clk 0:00:06]} 37. Qxg7+ Kxg7 {[%clk 0:00:07]} 38. e4
{[%clk 0:00:07]} fxe4+ {[%clk 0:00:07]} 39. Bxe4 Re7 40. h4 {[%clk 0:00:07]} Bb8
{[%clk 0:00:06]} 41. Rc5 {[%clk 0:00:07]} Bc7 {[%clk 0:00:07]} 42. g3
{[%clk 0:00:08]} Rd7 {[%clk 0:00:08]} 43. h5 {[%clk 0:00:08]} gxh5
{[%clk 0:00:07]} 44. Rxh5 {[%clk 0:00:11]} h6 45. Rb5 Re7 {[%clk 0:00:09]} 46.
Rc5 {[%clk 0:00:09]} Bb6 {[%clk 0:00:09]} 47. Rc6 {[%clk 0:00:10]} Bd4
{[%clk 0:00:08]} 48. Rg6+ {[%clk 0:00:11]} Kf8 {[%clk 0:00:07]} 49. Rxh6
{[%clk 0:00:11]} Rc7 {[%clk 0:00:09]} 50. Rc6 {[%clk 0:00:10]} Rf7
{[%clk 0:00:04]} 51. g4 {[%clk 0:00:09]} Be5 {[%clk 0:00:06]} 52. Bf5
{[%clk 0:00:10]} Bb2 {[%clk 0:00:06]} 53. Rc5 {[%clk 0:00:07]} Rb7
{[%clk 0:00:03]} 54. g5 {[%clk 0:00:06]} Rb3+ {[%clk 0:00:03]} 55. Kg4
{[%clk 0:00:07]} Bd4 {[%clk 0:00:03]} 56. Rxa5 {[%clk 0:00:07]} Be3
{[%clk 0:00:04]} 57. Re5 {[%clk 0:00:06]} Bd2 {[%clk 0:00:05]} 58. Re4
{[%clk 0:00:06]} Ra3 {[%clk 0:00:04]} 59. Bd7 {[%clk 0:00:06]} Kg7
{[%clk 0:00:06]} 60. Bb5 {[%clk 0:00:07]} Ra1 {[%clk 0:00:07]} 61. Kf5
{[%clk 0:00:08]} Rc1 {[%clk 0:00:07]} 62. Re7+ {[%clk 0:00:09]} Kf8
{[%clk 0:00:08]} 63. Re4 {[%clk 0:00:09]} Rc5+ {[%clk 0:00:09]} 64. Ke6
{[%clk 0:00:09]} Rc7 {[%clk 0:00:10]} 65. Kd6 {[%clk 0:00:08]} Rc8
{[%clk 0:00:09]} 66. Kd7 {[%clk 0:00:07]} Ra8 {[%clk 0:00:10]} 67. Ke6
{[%clk 0:00:07]} Ra7 {[%clk 0:00:11]} 68. Kf5 {[%clk 0:00:08]} Rc7
{[%clk 0:00:12]} 69. Kg4 {[%clk 0:00:09]} Rc1 {[%clk 0:00:13]} 70. Re2
{[%clk 0:00:10]} Rd1 {[%clk 0:00:13]} 71. g6 {[%clk 0:00:09]} Kg7
{[%clk 0:00:14]} 72. Kf5 {[%clk 0:00:09]} Bb4 {[%clk 0:00:13]} 73. Be8
{[%clk 0:00:09]} Rd5+ {[%clk 0:00:14]} 74. Re5 {[%clk 0:00:10]} Rd6
{[%clk 0:00:15]} 75. Rb5 {[%clk 0:00:09]} Rf6+ {[%clk 0:00:14]} 76. Kg4
{[%clk 0:00:09]} Bd2 {[%clk 0:00:07]} 77. Rb7+ {[%clk 0:00:10]} Kf8
{[%clk 0:00:08]} 78. Rf7+ {[%clk 0:00:07]} Rxf7 {[%clk 0:00:09]} 79. Bxf7
{[%clk 0:00:08]} Kg7 {[%clk 0:00:11]} 80. Kf5 {[%clk 0:00:09]} Ba5
{[%clk 0:00:12]} 81. Ke4 {[%clk 0:00:10]} Kf6 {[%clk 0:00:13]} 82. f5
{[%clk 0:00:10]} Bb4 {[%clk 0:00:14]} 83. Be6 {[%clk 0:00:11]} Ba5
{[%clk 0:00:16]} 84. Kd5 {[%clk 0:00:13]} 1-0

[Event "Blitz 2018"]
[Site "Saint-Petersburg"]
[Date "2018.12.29"]
[Round "8"]
[Board "55"]
[White "Predke Alexandr (RUS)"]
[Black "Gordievsky Dmitry (RUS)"]
[Result "1-0"]
[LiveChessVersion "1.4.8"]
[BlackElo "2591"]
[WhiteElo "2482"]

1. e4 {[%clk 0:03:03]} c5 {[%clk 0:03:04]} 2. Nc3 {[%clk 0:03:03]} g6
{[%clk 0:03:04]} 3. Nge2 {[%clk 0:03:00]} Bg7 {[%clk 0:03:05]} 4. d4
{[%clk 0:03:01]} cxd4 {[%clk 0:03:06]} 5. Nxd4 {[%clk 0:03:02]} Nc6
{[%clk 0:03:07]} 6. Be3 {[%clk 0:03:03]} Nf6 {[%clk 0:03:08]} 7. Nxc6
{[%clk 0:03:03]} bxc6 {[%clk 0:03:09]} 8. e5 {[%clk 0:03:04]} Ng8
{[%clk 0:03:10]} 9. Bd4 {[%clk 0:03:03]} Qa5 {[%clk 0:03:05]} 10. f4
{[%clk 0:03:00]} Rb8 {[%clk 0:02:59]} 11. Qd2 {[%clk 0:03:00]} Rxb2
{[%clk 0:02:52]} 12. Nd5 {[%clk 0:02:39]} Qxd2+ {[%clk 0:02:42]} 13. Kxd2
{[%clk 0:02:39]} Rb8 {[%clk 0:02:05]} 14. Nc7+ {[%clk 0:02:40]} Kd8
{[%clk 0:01:59]} 15. Na6 {[%clk 0:02:40]} Rb6 {[%clk 0:00:53]} 16. Bxb6+
{[%clk 0:02:27]} axb6 {[%clk 0:00:54]} 17. Rb1 {[%clk 0:02:26]} b5
{[%clk 0:00:42]} 18. Nc5 {[%clk 0:02:26]} d6 {[%clk 0:00:41]} 19. Nd3
{[%clk 0:02:22]} Kc7 {[%clk 0:00:36]} 20. a4 {[%clk 0:02:19]} bxa4
{[%clk 0:00:35]} 21. Ra1 {[%clk 0:02:20]} Nh6 {[%clk 0:00:13]} 22. Rxa4
{[%clk 0:02:20]} Bb7 {[%clk 0:00:12]} 23. Be2 {[%clk 0:02:20]} c5
{[%clk 0:00:11]} 24. Rb1 {[%clk 0:02:18]} Rb8 {[%clk 0:00:08]} 25. Ra7
{[%clk 0:02:17]} Kc8 {[%clk 0:00:04]} 26. Nxc5 {[%clk 0:02:11]} dxc5
{[%clk 0:00:04]} 27. Rbxb7 {[%clk 0:02:12]} Rxb7 {[%clk 0:00:03]} 28. Ba6
{[%clk 0:02:13]} Nf5 {[%clk 0:00:03]} 29. Rxb7 {[%clk 0:02:12]} Kd8
{[%clk 0:00:04]} 30. c3 {[%clk 0:02:08]} f6 {[%clk 0:00:04]} 31. e6
{[%clk 0:02:06]} Nd6 {[%clk 0:00:05]} 32. Rd7+ {[%clk 0:02:03]} Ke8
{[%clk 0:00:06]} 33. Bb7 {[%clk 0:01:58]} Bh6 {[%clk 0:00:05]} 34. g3
{[%clk 0:01:59]} g5 {[%clk 0:00:06]} 35. Bc6 {[%clk 0:01:45]} Kf8
{[%clk 0:00:07]} 36. Rd8+ {[%clk 0:01:46]} Kg7 {[%clk 0:00:08]} 37. Rxd6
{[%clk 0:01:46]} 1-0

[Event "Blitz 2018"]
[Site "Saint-Petersburg"]
[Date "2018.12.29"]
[Round "8"]
[Board "56"]
[White "Dzhumagaliev Yan (RUS)"]
[Black "Pantsulaia Levan (GEO)"]
[Result "1-0"]
[LiveChessVersion "1.4.8"]
[BlackElo "2584"]
[WhiteElo "2489"]

1. Nf3 {[%clk 0:03:03]} c5 {[%clk 0:03:03]} 2. g3 {[%clk 0:03:01]} b6
{[%clk 0:03:04]} 3. Bg2 {[%clk 0:03:02]} Bb7 {[%clk 0:03:05]} 4. O-O
{[%clk 0:03:02]} g6 {[%clk 0:03:06]} 5. c3 {[%clk 0:03:00]} Bg7 {[%clk 0:03:05]}
6. d4 {[%clk 0:03:01]} Nf6 {[%clk 0:03:05]} 7. Nbd2 {[%clk 0:02:56]} O-O
{[%clk 0:03:06]} 8. a4 {[%clk 0:02:54]} d6 {[%clk 0:03:00]} 9. e3
{[%clk 0:02:51]} Nbd7 {[%clk 0:02:59]} 10. Re1 {[%clk 0:02:52]} d5
{[%clk 0:02:55]} 11. b4 {[%clk 0:02:49]} Rc8 {[%clk 0:02:41]} 12. a5
{[%clk 0:02:43]} cxb4 {[%clk 0:02:37]} 13. cxb4 {[%clk 0:02:43]} Ne8
{[%clk 0:02:32]} 14. e4 {[%clk 0:02:29]} dxe4 {[%clk 0:02:31]} 15. Nxe4
{[%clk 0:02:30]} Ndf6 {[%clk 0:02:12]} 16. Nxf6+ {[%clk 0:02:29]} Nxf6
{[%clk 0:02:12]} 17. axb6 {[%clk 0:02:29]} axb6 {[%clk 0:02:11]} 18. Ra7
{[%clk 0:02:30]} Rc7 {[%clk 0:01:50]} 19. Bf4 {[%clk 0:02:30]} Rd7
{[%clk 0:01:51]} 20. Be5 {[%clk 0:02:11]} Bxf3 {[%clk 0:01:29]} 21. Rxd7
{[%clk 0:02:12]} Nxd7 {[%clk 0:01:04]} 22. Bxf3 {[%clk 0:02:08]} Nxe5
{[%clk 0:00:57]} 23. dxe5 {[%clk 0:02:09]} e6 {[%clk 0:00:57]} 24. Qd6
{[%clk 0:01:50]} Qxd6 {[%clk 0:00:49]} 25. exd6 {[%clk 0:01:51]} Bc3
{[%clk 0:00:50]} 26. Rc1 {[%clk 0:01:08]} Bxb4 {[%clk 0:00:50]} 27. d7
{[%clk 0:01:09]} Bc5 {[%clk 0:00:48]} 28. Bc6 {[%clk 0:00:58]} Kg7
{[%clk 0:00:46]} 29. Rd1 {[%clk 0:00:56]} Rd8 {[%clk 0:00:47]} 30. Kg2
{[%clk 0:00:56]} Kf6 {[%clk 0:00:48]} 31. f4 {[%clk 0:00:57]} Ke7
{[%clk 0:00:48]} 32. Kf3 {[%clk 0:00:57]} h5 {[%clk 0:00:45]} 33. h3
{[%clk 0:00:58]} Bd6 {[%clk 0:00:34]} 34. Rb1 {[%clk 0:00:56]} Bc7
{[%clk 0:00:33]} 35. Rd1 {[%clk 0:00:51]} Rb8 {[%clk 0:00:31]} 36. Bb5
{[%clk 0:00:45]} Ra8 {[%clk 0:00:31]} 37. Rc1 {[%clk 0:00:46]} Ra3+
{[%clk 0:00:26]} 38. Kg2 {[%clk 0:00:47]} Kd8 {[%clk 0:00:27]} 39. h4
{[%clk 0:00:44]} Rb3 {[%clk 0:00:27]} 40. Bc6 {[%clk 0:00:39]} Ra3
{[%clk 0:00:25]} 41. Bb5 {[%clk 0:00:37]} Ra5 {[%clk 0:00:26]} 42. Rb1
{[%clk 0:00:38]} e5 {[%clk 0:00:25]} 43. fxe5 {[%clk 0:00:31]} Bxe5
{[%clk 0:00:26]} 44. Rb3 {[%clk 0:00:32]} f6 {[%clk 0:00:19]} 45. Kf3
{[%clk 0:00:31]} Ke7 {[%clk 0:00:17]} 46. Ke4 {[%clk 0:00:30]} Bxg3
{[%clk 0:00:10]} 47. Kd5 {[%clk 0:00:32]} Be5 {[%clk 0:00:05]} 48. Kc6
{[%clk 0:00:32]} Ra1 {[%clk 0:00:06]} 49. Kxb6 {[%clk 0:00:27]} Rh1
{[%clk 0:00:05]} 50. Rb4 {[%clk 0:00:28]} Rd1 {[%clk 0:00:04]} 51. Ra4
{[%clk 0:00:23]} Rd6+ {[%clk 0:00:05]} 52. Kb7 {[%clk 0:00:23]} Rd5
{[%clk 0:00:05]} 53. Bc6 {[%clk 0:00:23]} Rd2 {[%clk 0:00:06]} 54. Bb5
{[%clk 0:00:22]} Rb2 {[%clk 0:00:05]} 55. Kb6 {[%clk 0:00:21]} f5
{[%clk 0:00:06]} 56. Ra8 {[%clk 0:00:21]} Bd4+ {[%clk 0:00:05]} 57. Kc6
{[%clk 0:00:22]} Rc2+ {[%clk 0:00:05]} 58. Kb7 {[%clk 0:00:22]} 1-0

[Event "Blitz 2018"]
[Site "Saint-Petersburg"]
[Date "2018.12.29"]
[Round "8"]
[Board "57"]
[White "Usmanov Vasily (RUS)"]
[Black "Khusnutdinov Rustam (KAZ)"]
[Result "1/2-1/2"]
[LiveChessVersion "1.4.8"]
[BlackElo "2582"]
[WhiteElo "2459"]

1. d4 {[%clk 0:03:03]} Nf6 {[%clk 0:03:03]} 2. Nf3 {[%clk 0:03:03]} d5
{[%clk 0:03:05]} 3. c4 {[%clk 0:03:05]} e6 {[%clk 0:03:06]} 4. g3
{[%clk 0:03:05]} dxc4 {[%clk 0:03:07]} 5. Bg2 {[%clk 0:03:00]} Bd7
{[%clk 0:03:08]} 6. Ne5 {[%clk 0:03:00]} Bc6 {[%clk 0:03:10]} 7. Nxc6
{[%clk 0:02:59]} Nxc6 {[%clk 0:03:11]} 8. e3 {[%clk 0:02:54]} Qd7
{[%clk 0:03:12]} 9. Qa4 {[%clk 0:02:42]} Nb4 {[%clk 0:02:59]} 10. Qxd7+
{[%clk 0:02:40]} Kxd7 {[%clk 0:02:58]} 11. Na3 {[%clk 0:02:27]} Rb8
{[%clk 0:02:39]} 12. Ke2 {[%clk 0:02:16]} b5 {[%clk 0:02:40]} 13. b3
{[%clk 0:02:16]} c3 {[%clk 0:02:04]} 14. e4 {[%clk 0:01:56]} Be7 {[%clk 0:01:46]}
15. Be3 {[%clk 0:01:54]} Rhc8 {[%clk 0:01:35]} 16. Rhc1 {[%clk 0:01:53]} Na6
{[%clk 0:01:36]} 17. Nb1 {[%clk 0:01:44]} b4 {[%clk 0:01:33]} 18. a3
{[%clk 0:01:45]} bxa3 {[%clk 0:01:19]} 19. Rxc3 {[%clk 0:01:45]} c5
{[%clk 0:01:13]} 20. Rxa3 {[%clk 0:01:33]} cxd4 {[%clk 0:01:11]} 21. Rxc8
{[%clk 0:01:32]} Kxc8 {[%clk 0:01:05]} 22. Rxa6 dxe3 {[%clk 0:01:04]} 23. Rxa7
{[%clk 0:01:21]} Bc5 {[%clk 0:01:02]} 24. Rxf7 {[%clk 0:01:19]} Rxb3
{[%clk 0:01:02]} 25. e5 {[%clk 0:01:01]} Nd5 {[%clk 0:00:46]} 26. Bh3
{[%clk 0:01:02]} Nc7 {[%clk 0:00:47]} 27. fxe3 {[%clk 0:01:01]} Rxb1
{[%clk 0:00:41]} 28. Rxg7 {[%clk 0:01:02]} Rb3 {[%clk 0:00:37]} 29. Rxh7
{[%clk 0:00:28]} Rxe3+ {[%clk 0:00:38]} 30. Kf1 {[%clk 0:00:27]} Rxe5
{[%clk 0:00:39]} 31. Bg4 {[%clk 0:00:22]} Nd5 {[%clk 0:00:34]} 32. Kg2
{[%clk 0:00:15]} Ne3+ {[%clk 0:00:31]} 33. Kf3 {[%clk 0:00:17]} Kd8
{[%clk 0:00:30]} 34. h4 {[%clk 0:00:16]} Nd5 {[%clk 0:00:31]} 35. h5
{[%clk 0:00:11]} Re3+ {[%clk 0:00:29]} 36. Kg2 {[%clk 0:00:12]} Bd6
{[%clk 0:00:30]} 37. Rg7 {[%clk 0:00:06]} Rxg3+ {[%clk 0:00:26]} 38. Kf2
{[%clk 0:00:08]} Nf6 {[%clk 0:00:17]} 39. h6 {[%clk 0:00:09]} Nxg4+
{[%clk 0:00:13]} 1/2-1/2

[Event "Blitz 2018"]
[Site "Saint-Petersburg"]
[Date "2018.12.29"]
[Round "8"]
[Board "58"]
[White "Danielyan Vahe (ARM)"]
[Black "Gareyev Timur (USA)"]
[Result "1/2-1/2"]
[LiveChessVersion "1.4.8"]
[BlackElo "2577"]
[WhiteElo "2417"]

1. e4 {[%clk 0:03:03]} e5 {[%clk 0:01:37]} 2. Nf3 {[%clk 0:03:03]} Nc6
{[%clk 0:01:38]} 3. Bb5 {[%clk 0:03:03]} f5 {[%clk 0:01:38]} 4. d3
{[%clk 0:03:01]} fxe4 {[%clk 0:01:38]} 5. dxe4 {[%clk 0:03:01]} Nf6
{[%clk 0:01:39]} 6. Nc3 {[%clk 0:03:02]} Bb4 {[%clk 0:01:40]} 7. O-O
{[%clk 0:02:54]} Bxc3 {[%clk 0:01:40]} 8. bxc3 {[%clk 0:02:55]} d6
{[%clk 0:01:41]} 9. Ba4 {[%clk 0:02:14]} O-O {[%clk 0:01:38]} 10. Nd2
{[%clk 0:02:12]} Kh8 {[%clk 0:01:29]} 11. Rb1 {[%clk 0:02:12]} Ne7
{[%clk 0:01:26]} 12. Bb3 {[%clk 0:01:59]} Ng6 {[%clk 0:01:25]} 13. f3
{[%clk 0:01:57]} b6 {[%clk 0:01:24]} 14. Re1 {[%clk 0:01:54]} Nh5
{[%clk 0:01:18]} 15. Nf1 {[%clk 0:01:54]} Ngf4 {[%clk 0:01:14]} 16. Bxf4
{[%clk 0:01:47]} Nxf4 {[%clk 0:01:15]} 17. Ne3 {[%clk 0:01:37]} Qg5
{[%clk 0:01:15]} 18. Kh1 {[%clk 0:01:19]} Rf6 {[%clk 0:00:56]} 19. g3
{[%clk 0:01:13]} Nh3 {[%clk 0:00:57]} 20. Qd5 {[%clk 0:01:12]} Bb7
{[%clk 0:00:44]} 21. Qxb7 {[%clk 0:01:03]} Raf8 {[%clk 0:00:45]} 22. Nf5
{[%clk 0:00:54]} Qd2 {[%clk 0:00:36]} 23. Qxc7 {[%clk 0:00:36]} Nf2+
{[%clk 0:00:35]} 24. Kg1 {[%clk 0:00:32]} Nh3+ {[%clk 0:00:35]} 25. Kh1
{[%clk 0:00:33]} Nf2+ {[%clk 0:00:26]} 26. Kg1 {[%clk 0:00:34]} 1/2-1/2

[Event "Blitz 2018"]
[Site "Saint-Petersburg"]
[Date "2018.12.29"]
[Round "8"]
[Board "59"]
[White "Tsoi Dmitry (RUS)"]
[Black "Popov Valerij (RUS)"]
[Result "1-0"]
[LiveChessVersion "1.4.8"]
[BlackElo "2574"]
[WhiteElo "2387"]

1. Nf3 {[%clk 0:03:02]} d5 {[%clk 0:03:02]} 2. g3 {[%clk 0:03:02]} c5
{[%clk 0:03:02]} 3. Bg2 {[%clk 0:03:02]} Nc6 {[%clk 0:03:02]} 4. O-O
{[%clk 0:03:02]} e5 {[%clk 0:03:02]} 5. d3 {[%clk 0:03:02]} Bd6 {[%clk 0:03:02]}
6. e4 {[%clk 0:03:02]} d4 {[%clk 0:03:02]} 7. Nbd2 {[%clk 0:03:02]} Nge7
{[%clk 0:03:02]} 8. c3 {[%clk 0:03:02]} O-O {[%clk 0:03:02]} 9. a3
{[%clk 0:02:51]} f6 {[%clk 0:02:52]} 10. cxd4 {[%clk 0:02:50]} cxd4
{[%clk 0:02:53]} 11. b4 {[%clk 0:02:51]} Be6 {[%clk 0:02:50]} 12. Bb2
{[%clk 0:02:45]} Qd7 {[%clk 0:02:42]} 13. Rc1 {[%clk 0:02:34]} Rfc8
{[%clk 0:02:34]} 14. Nb3 {[%clk 0:02:33]} b6 {[%clk 0:02:31]} 15. Nfd2
{[%clk 0:02:26]} Nd8 {[%clk 0:01:49]} 16. Nc4 {[%clk 0:01:58]} Nb7
{[%clk 0:01:50]} 17. f4 {[%clk 0:01:34]} Rc7 {[%clk 0:01:48]} 18. fxe5
{[%clk 0:01:31]} fxe5 {[%clk 0:01:48]} 19. Nbd2 {[%clk 0:01:30]} Ng6
{[%clk 0:01:33]} 20. Bf3 {[%clk 0:00:41]} Rac8 {[%clk 0:01:09]} 21. Bh5
{[%clk 0:00:35]} b5 {[%clk 0:01:04]} 22. Nxd6 {[%clk 0:00:32]} Rxc1
{[%clk 0:01:02]} 23. Bxc1 {[%clk 0:00:32]} Qxd6 {[%clk 0:00:56]} 24. Bxg6
{[%clk 0:00:25]} hxg6 {[%clk 0:00:57]} 25. Nf3 {[%clk 0:00:25]} Bh3
{[%clk 0:00:48]} 26. Rf2 {[%clk 0:00:25]} Bg4 {[%clk 0:00:44]} 27. Qb3+
{[%clk 0:00:19]} Be6 {[%clk 0:00:42]} 28. Qd1 {[%clk 0:00:16]} Bg4
{[%clk 0:00:23]} 29. Qb3+ {[%clk 0:00:17]} Kh8 {[%clk 0:00:20]} 30. Bd2
{[%clk 0:00:06]} Bxf3 {[%clk 0:00:21]} 31. Rxf3 {[%clk 0:00:07]} Nd8
{[%clk 0:00:17]} 32. g4 {[%clk 0:00:09]} Ne6 {[%clk 0:00:15]} 33. Qd5
{[%clk 0:00:07]} Qxd5 34. exd5 {[%clk 0:00:09]} Nc7 {[%clk 0:00:10]} 35. d6
{[%clk 0:00:10]} Ne6 {[%clk 0:00:09]} 36. Rf7 {[%clk 0:00:09]} Rd8
{[%clk 0:00:10]} 37. d7 {[%clk 0:00:05]} Kh7 {[%clk 0:00:04]} 38. h4
{[%clk 0:00:05]} 1-0